• 首页
  • 本馆介绍
  • 公告通知
  • 最新文献
  • 馆藏检索
  • 电子资源
  • 读者导购
  • 参考咨询
  • 我的图书馆
  • 登录
  • 详细信息显示
  • 放入我的书架
  • 预约/预借图书
  • 作者相关作品
  • 分类相关作品
  • 丛书相关作品
  • 出版社相关作品

书目信息

  • 表格格式
  • 工作单格式
  • 卡片格式
题名:
七十年代世界农业技术
    
 
作者: 顾镜清 , 顾镜清编集 编集
分册:  
出版信息: 上海   上海科学技术出版社  1979
页数: 254页
开本: 19cm
丛书名:
单 册:
中图分类: S-1
科图分类:
主题词: 农业技术--技术现状--世界
电子资源:
ISBN:
000 00666nam0 2200229 45
001 0179003906
005 20061122150136.31
010    @dCNY0.67
091    @a16119.654
100    @a19950803d1979 em y0chiy0121 ea
101 0  @achi
102    @aCN@b310000
105    @ay z 000yy
200 10 @a七十年代世界农业技术@Aqi shi nian dai shi jie nong ye ji shu@f顾镜清编集@Fgu jing qing bian ji
210    @a上海@c上海科学技术出版社@d1979
215    @a254页@d19cm
606    @a农业技术@x技术现状@y世界
690    @aS-1@v3
701  0 @a顾镜清@Agu jing qing@4编集
701  0 @a顾镜清编集@Agu jing qing bian ji
801  0 @aCN@bTSSF@c20061122
905    @a10447@dS-1@e3
    
    七十年代世界农业技术/顾镜清编集.-上海:上海科学技术出版社,1979
    254页;19cm
    
    
    ISBN :CNY0.67
    
●
相关链接 在E读中查询图书 在五车中查询图书 在当当中查询图书 在豆瓣中查询图书


正题名:七十年代世界农业技术     索取号:S-1/3         预约/预借

序号 登录号 条形码 馆藏地/架位号 状态 备注
1 0018901   202099834   第二样本阅览室/ [索取号:S-1/3] 在馆    
唐山师范学院图书馆 欢迎您!
大连网信软件有限公司© 版权所有